000 01030nam a2200265 a 4500
001 49222
003 BD-RjUL
005 20211209054643.0
008 160809s1987 bg a|||| |||| 00| 0 ben d
020 _c : Tk.170.00
035 _a(BD-RjUL)49341
040 _aBD-RjUL
_bben
_cBD-RjUL
041 _aben
082 _223
_aB 618.2
_bDHA 1987
245 1 0 _aধাত্রীবিদ্যা /
_c অনুবাদক : সুরাইয়া জাবীন, লিয়াকত আলী ও খাইরুল ইসলাম
250 _a৪র্থ সং.
260 _aঢাকা :
_bবাংলা একাডেমী,
_c১৯৮৭.
300 _a৩৩৬ পৃ. :
_bচিত্র ;
_c২৫ সেমি.
650 _aধাত্রীবিদ্যা
_9144517
650 _aObstetrics
_9144518
700 _aজাবীন, সুরাইয়া
_9144519
700 _aআলী, লিয়াকত
_9144520
700 _aইসলাম, খাইরুল
_9144521
942 _2ddc
_cBK
999 _c49222
_d49222